Matthew Henry's concise commentary on the whole Bible. (Record no. 4476)

MARC details
000 -LEADER
fixed length control field 00919cam a2200265 a 4500
001 - CONTROL NUMBER
control field 2598212
003 - CONTROL NUMBER IDENTIFIER
control field OSt
005 - DATE AND TIME OF LATEST TRANSACTION
control field 20190405160407.0
008 - FIXED-LENGTH DATA ELEMENTS--GENERAL INFORMATION
fixed length control field 970604s1997 tnub 000 0 eng
010 ## - LIBRARY OF CONGRESS CONTROL NUMBER
LC control number 97025241
020 ## - INTERNATIONAL STANDARD BOOK NUMBER
International Standard Book Number 0785212477
040 ## - CATALOGING SOURCE
Original cataloging agency DLC
Transcribing agency DLC
Modifying agency DLC
050 00 - LIBRARY OF CONGRESS CALL NUMBER
Classification number BS490
Item number .H5 1997
082 00 - DEWEY DECIMAL CLASSIFICATION NUMBER
Classification number REF 220.77
Edition number 21
Item number H521M
100 1# - MAIN ENTRY--PERSONAL NAME
Personal name Henry, Matthew,
Dates associated with a name 1662-1714.
245 00 - TITLE STATEMENT
Title Matthew Henry's concise commentary on the whole Bible.
246 30 - VARYING FORM OF TITLE
Title proper/short title Concise commentary on the whole Bible
260 ## - PUBLICATION, DISTRIBUTION, ETC.
Place of publication, distribution, etc. Nashville :
Name of publisher, distributor, etc. T. Nelson,
Date of publication, distribution, etc. c1997.
300 ## - PHYSICAL DESCRIPTION
Extent 1331 p. :
Other physical details maps ;
Dimensions 24 cm.
630 00 - SUBJECT ADDED ENTRY--UNIFORM TITLE
Uniform title Bible
General subdivision Commentaries.
856 42 - ELECTRONIC LOCATION AND ACCESS
Materials specified Publisher description
Uniform Resource Identifier <a href="http://www.loc.gov/catdir/enhancements/fy0609/97025241-d.html">http://www.loc.gov/catdir/enhancements/fy0609/97025241-d.html</a>
906 ## - LOCAL DATA ELEMENT F, LDF (RLIN)
a 7
b cbc
c orignew
d 1
e ocip
f 19
g y-gencatlg
942 ## - ADDED ENTRY ELEMENTS (KOHA)
Source of classification or shelving scheme Dewey Decimal Classification
Koha item type Reference
Holdings
Withdrawn status Lost status Source of classification or shelving scheme Damaged status Not for loan Collection code Home library Current library Shelving location Date acquired Total Checkouts Full call number Barcode Date last seen Price effective from Koha item type Cost, normal purchase price
    Dewey Decimal Classification   Not For Loan Reference Harvest Mission College Harvest Mission College Reference 19.10.2018   REF 220.7 H521M 000216 19.10.2018 19.10.2018 Reference  
    Dewey Decimal Classification   Not For Loan Reference Harvest Mission College Harvest Mission College Reference 06.12.2018   REF 220.7 H521M 005158 06.12.2018 06.12.2018 Reference 1200.00

OPAC Designed and Maintained by HMC Library Team.
Copyright © HMC Library,Greater Noida, UP.
For any Suggestions/Query Contact library via Email:libhmc@gmail.com